|
|
|
|
| LEADER |
00792nam a2200205 4500 |
| 001 |
1760972 |
| 003 |
GR-PaULI |
| 005 |
20220919123718.0 |
| 008 |
700304s1969 cau 000 0 eng |
| 952 |
|
|
|0 0
|1 0
|2 ddc
|4 0
|6 811_540000000000000_BUK
|7 0
|9 364331
|a LISP
|b LISP
|c DON
|d 2022-09-19
|e ΠΑΤ
|i 149271
|l 0
|o 811.54 BUK
|p 025000276321
|r 2022-09-19 00:00:00
|t 1
|w 2022-09-19
|y BKN
|
| 999 |
|
|
|c 212953
|d 212953
|
| 010 |
|
|
|a 76009749
|
| 040 |
|
|
|a DLC
|c GR-PaULI
|d
|b gre
|e AACR2
|
| 082 |
0 |
4 |
|a 811.54
|2 23
|
| 100 |
1 |
|
|a Bukowski, Charles,
|9 137996
|d 1920-1994
|e συγγραφέας.
|
| 245 |
1 |
4 |
|a The days run away like wild horses over the hills /
|c Bukowski Charles.
|
| 260 |
|
|
|a Santa Barbara :
|b Black Sparrow Press,
|c 1983.
|
| 300 |
|
|
|a iii, 153 σ. ;
|c 23 εκ.
|
| 942 |
|
|
|2 ddc
|c BKN
|
| 998 |
|
|
|c ΜΠΟΥΡΑΣ
|d 2022-09
|